GLAUCOMA THERAPY: CURRENT ISSUES AND CONTROVERSIES / (Record no. 798872)

MARC details
000 -LEADER
fixed length control field 00529pam a2200193 a 4500
020 ## - INTERNATIONAL STANDARD BOOK NUMBER
International Standard Book Number 1841843350
Terms of availability 7287.57
041 ## - LANGUAGE CODE
Language code of text/sound track or separate title eng
Language code of original NULL
082 ## - DEWEY DECIMAL CLASSIFICATION NUMBER
Classification number 617.7
Item number SHA/FLA
100 ## - MAIN ENTRY--PERSONAL NAME
Personal name SHAARAWY, T .
245 ## - TITLE STATEMENT
Title GLAUCOMA THERAPY: CURRENT ISSUES AND CONTROVERSIES /
Statement of responsibility, etc. NULL.
Medium Textual Documents
260 ## - PUBLICATION, DISTRIBUTION, ETC.
Place of publication, distribution, etc. NULL :
Name of publisher, distributor, etc. MARTIN DUNITZ ,
Date of publication, distribution, etc. 2004.
300 ## - PHYSICAL DESCRIPTION
Extent 328 :
Other physical details VIII ;
Dimensions A4 .
365 ## - TRADE PRICE
Price type code 7287.57
504 ## - BIBLIOGRAPHY, ETC. NOTE
Bibliography, etc. note OPHTHALMOLOGY
653 ## - INDEX TERM--UNCONTROLLED
Uncontrolled term OPHTHALMOLOGY
700 ## - ADDED ENTRY--PERSONAL NAME
Personal name FLAMMER, J .
930 ## - EQUIVALENCE OR CROSS-REFERENCE-UNIFORM TITLE HEADING [LOCAL, CANADA]
Uniform title 4338
Holdings
Withdrawn status Lost status Damaged status Not for loan Home library Current library Date acquired Cost, normal purchase price Total Checkouts Full call number Barcode Date last seen Copy number Price effective from Koha item type
        Medical College & Hospital, Sangli Medical College & Hospital, Sangli 28/11/2011 7287.57   617.7 SHA/FLA MCS-9184 26/07/2023 1 26/07/2023 Book